| 000 | 00817nam a22002897a 4500 | ||
|---|---|---|---|
| 001 | BR8206280 | ||
| 003 | BR-BrBNA | ||
| 005 | 20230928091501.0 | ||
| 007 | ta | ||
| 008 | 230509b bl.||||| |||| 00| 0 por d | ||
| 040 |
_aBR-BrBNA _bpor _cBiblioteca Nacional de Agricultura |
||
| 041 | _a(Por) | ||
| 072 |
_aE70 _b/G514 |
||
| 090 | _ E70 BR8206280 | ||
| 100 | 1 | _aCosta Filho, J.E. da | |
| 110 | 1 |
_aInstituto de Pesquisas Economicas e Sociais, Sao Luis, MA (Brasil) _96201 |
|
| 245 | 1 | _aComercio externo do Maranhao [Brasil] | |
| 260 | 3 |
_aSao Luis, MA (Brasil): _c1982. |
|
| 300 | _a79 p. | ||
| 500 | _a24 ref.; 17 tables | ||
| 650 | _aCOMERCIO EXTERIOR | ||
| 650 | _aCOMERCIO INTERNO | ||
| 650 | _aESTATISTICA DE PRODUCAO | ||
| 650 | _aMARANHAO | ||
| 909 |
_a202309 _bLucia _c55 _dLucia Elande |
||
| 942 | _cBK | ||
| 999 |
_c34063 _d34063 |
||